[Event "Mumbai Mayors Cup 1st"]
[Site "Mumbai"]
[Date "2008.05.19"]
[Round "11"]
[White "Koshy, Varugeese"]
[Black "Sanjay, Thakurel"]
[Result "1-0"]
[WhiteElo "2270"]
[BlackElo "2085"]
[PlyCount "79"]
[EventDate "2008.05.11"]
[EventType "swiss"]
[EventRounds "11"]
[EventCountry "IND"]
[SourceTitle "CBM 124 Extra"]
[Source "ChessBase"]
[SourceDate "2008.07.03"]
[SourceVersion "1"]
[SourceVersionDate "2008.07.03"]
[SourceQuality "1"]

1. c4 Nf6 2. g3 e6 3. Bg2 d5 4. Nf3 Bd6 5. d4 0-0 6. Qc2 c6 7. 0-0 Ne4 8. b3 f5 9. Ba3 Bxa3 10. Nxa3 Nd7 11. e3 b6 12. Rac1 Qe7 13. Qb2 a5 14. Rfd1 Bb7 15. Nc2 c5 16. cxd5 exd5 17. Nce1 Rac8 18. Nd3 Ndf6 19. Nfe5 Rfd8 20. Re1 Rc7 21. f3 Ng5 22. dxc5 bxc5 23. Qa3 Rdc8 24. Qxa5 c4 25. Nf2 Qxe5 26. f4 Qe7 27. fxg5 Ne4 28. Nxe4 fxe4 29. bxc4 dxc4 30. Bh3 Rc5 31. Qa7 Ra8 32. Qb6 Rc6 33. Qb5 Rc5 34. Qb4 Bd5 35. Rf1 Qc7 36. Rcd1 Bf7 37. Rd7 Qe5 38. Rdxf7 Qxg5 39. Be6 Qxe3+ 40. Kh1 1-0

[Event "Mumbai Mayors Cup 1st"]
[Site "Mumbai"]
[Date "2008.05.15"]
[Round "7"]
[White "Sahu, Sekhar Chandra"]
[Black "Sanjay, Thakurel"]
[Result "1-0"]
[WhiteElo "2256"]
[BlackElo "2085"]
[PlyCount "39"]
[EventDate "2008.05.11"]
[EventType "swiss"]
[EventRounds "11"]
[EventCountry "IND"]
[SourceTitle "CBM 124 Extra"]
[Source "ChessBase"]
[SourceDate "2008.07.03"]
[SourceVersion "1"]
[SourceVersionDate "2008.07.03"]
[SourceQuality "1"]

1. d4 Nf6 2. Bg5 Ne4 3. Bf4 d5 4. f3 Nf6 5. e4 dxe4 6. Nc3 exf3 7. Nxf3 e6 8. Bc4 c6 9. 0-0 Be7 10. Qe2 0-0 11. Rae1 Re8 12. Kh1 b5 13. Bd3 b4 14. Ne4 Nd5 15. Bxb8 Rxb8 16. Ne5 Qc7 17. Rxf7 Rf8 18. Qh5 Bb7 19. Ng5 h6 20. Bh7+ 1-0